Premiers ministres du Kosovo par image - Statistiques

Statistiques générales
  • Ce quiz a été pris 50 fois
  • Le résultat moyen est 4 sur 6
Statistiques - réponses
Par images Hint Réponse % Correct
2008-2014 Hashim Thaçi
90%
2020 Albin Kurti
87%
Depuis 2021 Albin Kurti
85%
2017-2020 Ramush Haradinaj
72%
2014-2017 Isa Mustafa
54%
2020-2021 Avdullah Hoti
49%
Aucun quiz correspondant
Distribution des résultats
% des personnes avec chaque résultat
Percentile par nombre de réponses
Votre historique - résultats
Vous n’avez pas pris ce quiz